California hackamore, (Record no. 10918)
[ view plain ]
| 000 -LEADER | |
|---|---|
| fixed length control field | 00656cam a22002291 4500 |
| 001 - CONTROL NUMBER | |
| control field | agr48000535 |
| 003 - CONTROL NUMBER IDENTIFIER | |
| control field | DLC |
| 005 - DATE AND TIME OF LATEST TRANSACTION | |
| control field | 20260227111010.0 |
| 008 - FIXED-LENGTH DATA ELEMENTS--GENERAL INFORMATION | |
| fixed length control field | 750505s1948 cauac 000 0 eng |
| 010 ## - LIBRARY OF CONGRESS CONTROL NUMBER | |
| LC control number | agr48000535 |
| 035 ## - SYSTEM CONTROL NUMBER | |
| System control number | (OCoLC)1313141 |
| 040 ## - CATALOGING SOURCE | |
| Original cataloging agency | DLC |
| Transcribing agency | NmLcU |
| Modifying agency | OCoLC |
| -- | DLC |
| 042 ## - AUTHENTICATION CODE | |
| Authentication code | premarc |
| 050 00 - LIBRARY OF CONGRESS CALL NUMBER | |
| Classification number | SF287 |
| Item number | .O7 |
| 082 ## - DEWEY DECIMAL CLASSIFICATION NUMBER | |
| Classification number | 636.10886 |
| 100 1# - MAIN ENTRY--PERSONAL NAME | |
| Personal name | Ortega, Luis Birabent, |
| Dates associated with a name | 1897- |
| 245 10 - TITLE STATEMENT | |
| Title | California hackamore, |
| Remainder of title | (la jaquima). An authentic story of the use of the hackamore. |
| 260 ## - PUBLICATION, DISTRIBUTION, ETC. | |
| Place of publication, distribution, etc. | [Walnut Creek? Calif., |
| Date of publication, distribution, etc. | 1948] |
| 300 ## - PHYSICAL DESCRIPTION | |
| Extent | 133 p. |
| Other physical details | illus., port. |
| Dimensions | 22 cm. |
| 650 #0 - SUBJECT ADDED ENTRY--TOPICAL TERM | |
| Topical term or geographic name entry element | Hackamores. |
| 650 #0 - SUBJECT ADDED ENTRY--TOPICAL TERM | |
| Topical term or geographic name entry element | Horses |
| General subdivision | Training. |
No items available.